FC Bayern München Kader Saison 2012/2013 - Statistiken

Allgemein
  • Dieses Quiz wurde 152 mal gespielt
    125 seit der letzten Aktualisierung
  • Das Durchschnittsergebnis liegt bei 21 aus 28
Antwortstatistiken
Nummer Nation Spieler % Korrekt
1 Deutschland Manuel Neuer
100%
10 Niederlande Arjen Robben
97%
27 Österreich David Alaba
97%
7 Frankreich Franck Ribéry
96%
17 Deutschland Jérome Boateng
96%
25 Deutschland Thomas Müller
96%
8 Spanien Javi Martinez
93%
21 Deutschland Philipp Lahm
93%
31 Deutschland Bastian Schweinsteiger
92%
4 Brasilien Dante
91%
33 Deutschland Mario Gomez
90%
9 Kroatien Mario Mandzukic
90%
14 Peru Claudio Pizarro
86%
11 Schweiz Xherdan Shaqiri
85%
5 Belgien Daniel van Buyten
84%
39 Deutschland Toni Kroos
82%
28 Deutschland Holger Badstuber
78%
30 Brasilien Luiz Gustavo
75%
22 Deutschland Tom Starke
75%
13 Brasilien Rafinha
74%
26 Deutschland Diego Contento
62%
34 Dänemark Pierre-Emile Hojbjerg
60%
36 Deutschland Emre Can
40%
44 Ukraine Anatoliy Tymoshchuk
37%
32 Deutschland Lukas Raeder
36%
23 Deutschland Mitchell Weiser
28%
24 Deutschland Maximilian Riedmüller
20%
20 Deutschland Patrick Weihrauch
17%
Keine übereinstimmenden Quizze gefunden
Verteilung der Resultate
Anzahl Personen mit jedem Resultat
Perzentil nach korrekt beantworteten Fragen
Ihre Resultats-Entwicklung
Sie haben dieses Quiz seit der letzten Aktualisierung nicht gespielt